Φυσική - επιστημονική σκέψη στη φιλοσοφία της παιδείας των αρχαίων ελλήνων : από τον Θαλή μέχρι τον Σωκράτη
Saved in:
| Main Author: | |
|---|---|
| Format: | Book |
| Language: | Greek |
| Published: |
Αθήνα :
Ελληνικά Γράμματα,
1998.
|
| Series: | Φιλοσοφία (Ελληνικά Γράμματα)
1 |
| Subjects: | |
| Tags: |
Add Tag
No Tags, Be the first to tag this record!
|
MARC
| LEADER | 00000cam a2200000 i 4500 | ||
|---|---|---|---|
| 001 | 1/59264 | ||
| 008 | 040819s1998 gr | ||| |||| ||gre|| | ||
| 020 | |a 9603444766 | ||
| 035 | |l 10074088 | ||
| 040 | |a GR-MY-UA |b gre |e aacr | ||
| 041 | 0 | |a gre | |
| 082 | 7 | |a 180 |2 (22) | |
| 100 | 1 | |a Κανάκη-Πρωτόπαπα, Σοφία. | |
| 245 | 1 | 0 | |a Φυσική - επιστημονική σκέψη στη φιλοσοφία της παιδείας των αρχαίων ελλήνων : |b από τον Θαλή μέχρι τον Σωκράτη / |c Σοφία Κανάκη-Πρωτόπαπα. |
| 260 | |a Αθήνα : |b Ελληνικά Γράμματα, |c 1998. | ||
| 300 | |a 306 σ. ; |c 24 εκ. | ||
| 490 | 1 | |a (Φιλοσοφία / Ελληνικά Γράμματα ; |v 1) | |
| 504 | |a Περιέχει βιβλιογραφικές αναφορές. | ||
| 650 | 0 | 0 | |a Philosophy, Ancient. |
| 650 | 0 | 0 | |a Philosophers, Ancient. |
| 830 | 0 | |a Φιλοσοφία (Ελληνικά Γράμματα) |v 1 | |
| 852 | |a INST |b RHODES |e 20040819 |h 180 ΚΑΝ |p 005400018644 |q 005400018644 |t BK |y 0 | ||
| 901 | |a BIBL4-2004-2 | ||
| 970 | |a ΚΟΥΛΑΚΙΟΤΗ |b ΛΙΤΣΑ |z 2004/08/19 | ||